Les villes les plus visitées du monde - Statistiques

Statistiques générales
  • Ce quiz a été pris 3 077 fois
  • Le résultat moyen est 10 sur 23
Statistiques - réponses
Réponse % Correct
8 Paris
100%
6 New York
97%
2 Londres
92%
10 Rome
86%
23 Pékin
84%
21 Barcelone
72%
22 Moscou
71%
1 Bangkok
47%
20 Miami
46%
9 Istanbul
45%
11 Dubai
41%
18 Shanghai
38%
19 Las Vegas
34%
17 Prague
29%
14 La Mecque
21%
4 Kuala Lumpur
17%
16 Taipei
12%
13 Phuket
6%
7 Antalya
4%
5 Shenzhen
4%
3 Macau
3%
15 Pattaya
3%
12 Guangzhou
2%
Aucun quiz correspondant
Distribution des résultats
% des personnes avec chaque résultat
Percentile par nombre de réponses
Votre historique - résultats
Vous n’avez pas pris ce quiz